Кн. 2: Коллективная безопасность; Обеспечение безопасности жизнедеятельности

Bibliographic Details
Parent link:Обеспечение безопасности жизнедеятельности: Учебное пособие. В 2 кн./ В. Ю. Микрюков. Кн. 2: Коллективная безопасность.— , 2004.— 5-06-004737-7
Language:Russian
Published: 2004
Subjects:
Format: Book
KOHA link:https://koha.lib.tpu.ru/cgi-bin/koha/opac-detail.pl?biblionumber=63258

MARC

LEADER 00000nam2a2200000 4500
001 63258
005 20231031064141.0
010 |a 5060044610 
035 |a (RuTPU)RU\TPU\book\67142 
090 |a 63258 
100 |a 20040505d2004 m y0rusy50 ca 
101 0 |a rus 
102 |a RU 
105 |a a j 001zy 
200 0 |a Кн. 2: Коллективная безопасность 
210 |d 2004 
215 |a 333 с.  |c ил. 
320 |a Библиогр.: с. 227-231; 286-288 
320 |a Словарь понятий и терминов: с. 289-310 
461 1 |0 (RuTPU)RU\TPU\book\72281  |y 5-06-004737-7  |t Обеспечение безопасности жизнедеятельности  |o Учебное пособие. В 2 кн.  |f В. Ю. Микрюков  |v Кн. 2: Коллективная безопасность  |d 2004 
610 1 |a безопасность жизнедеятельности 
610 1 |a национальная безопасность 
610 1 |a преступность 
610 1 |a общественный порядок 
610 1 |a пожарная охрана 
610 1 |a гражданская оборона 
610 1 |a чрезвычайные ситуации 
610 1 |a бедствия 
610 1 |a защита 
610 1 |a ликвидация 
610 1 |a военная безопасность 
610 1 |a российские спецслужбы 
610 1 |a демографические катастрофы 
610 1 |a предупреждения 
610 1 |a международная безопасность 
610 1 |a терроризм 
610 1 |a опасности 
610 1 |a риски 
610 1 |a глобальные экологические проблемы 
610 1 |a учебные пособия 
675 |a 614.8(075)  |v 3 
801 1 |a RU  |b 63413507  |c 20040505  |g PSBO 
801 2 |a RU  |b 63413507  |c 20120502  |g PSBO 
900 |a Безопасность жизнедеятельности 
900 |a Тактика сил РСЧС и ГО 
900 |a Организация и ведение аварийно-спасательных работ 
942 |c BK 
952 |a 511100  |b 330000